00454pab a2200169 454500008004000000100002500040245003900065260000900104300000900113362001100122650001900133650001100152773001800163909001000181999001700191952007600208180718b2002 xxu||||| |||| 00| 0 eng d aEngineer, Asghar Ali aPoliticisation of police personnel c2002 ap.8. a10 Jul aPolice - India aPolice aDeccan Herald a54306 c54306d54306 00104070aIIPAbIIPAd2018-07-19pAR54751r2018-07-19w2018-07-19yAR